000 01458nam a2200337Ia 4500
001 ebr10062329
003 CaPaEBR
006 m u
007 cr cn|||||||||
008 030402s2004 caua gsb 001 0 eng d
020 _z0520229878 (cloth : alk. paper)
020 _z0520240766 (pbk. : alk. paper)
040 _aCaPaEBR
_cCaPaEBR
035 _a(OCoLC)70746434
050 1 4 _aHV9471
_b.R473 2004eb
100 1 _aRhodes, Lorna A.
_q(Lorna Amarasingham)
245 1 0 _aTotal confinement
_h[electronic resource] :
_bmadness and reason in the maximum security prison /
_cLorna A. Rhodes.
260 _aBerkeley, Calif. :
_bUniversity of California Press,
_c2004.
300 _axiv, 315 p. :
_bill.
490 1 _aCalifornia series in public anthropology ;
_v7
504 _aIncludes bibliographical references and index.
533 _aElectronic reproduction.
_bPalo Alto, Calif. :
_cebrary,
_d2009.
_nAvailable via World Wide Web.
_nAccess may be limited to ebrary affiliated libraries.
650 0 _aSolitary confinement
_zUnited States.
650 0 _aPrisoners
_xMental health
_zUnited States.
650 0 _aImprisonment
_zUnited States.
650 0 _aPrisons
_zUnited States.
655 7 _aElectronic books.
_2local
710 2 _aebrary, Inc.
830 0 _aCalifornia series in public anthropology ;
_v7.
856 4 0 _uhttp://site.ebrary.com/lib/rucke/Doc?id=10062329
_zAn electronic book accessible through the World Wide Web; click to view
999 _c47049
_d47049